[Event "Bay Area op"]
[Site "Burlingame"]
[Date "2019.01.06"]
[Round "8"]
[White "Free, Graham"]
[Black "Cline, John"]
[Result "1/2-1/2"]
[WhiteElo "2015"]
[BlackElo "2272"]
[PlyCount "68"]
[EventDate "2019.01.01"]
[EventType "swiss"]
[EventRounds "9"]
[EventCountry "USA"]
[SourceTitle "CBM 188 Extra"]
[Source "ChessBase"]
[SourceDate "2019.02.26"]
[SourceVersion "1"]
[SourceVersionDate "2019.02.26"]
[SourceQuality "1"]

1. d4 Nf6 2. Nf3 e6 3. Bf4 d5 4. e3 Be7 5. h3 b6 6. Nbd2 Bb7 7. Bd3 0-0 8. 0-0 c5 9. c3 Nbd7 10. Qb1 h6 11. b4 cxb4 12. cxb4 Rc8 13. Qb2 a6 14. a4 Ne4 15. Rfc1 Bd6 16. Bxd6 Nxd6 17. b5 axb5 18. axb5 Rxc1+ 19. Rxc1 Qb8 20. Ne5 Nxe5 21. dxe5 Ne4 22. Bxe4 dxe4 23. Nc4 Bd5 24. Nd2 Rc8 25. Rxc8+ Qxc8 26. Kh2 Qc7 27. Qd4 f5 28. Nb1 Kf7 29. Nc3 Qc4 30. Nxd5 Qxd4 31. exd4 exd5 32. h4 g5 33. hxg5 hxg5 34. g4 f4 1/2-1/2

[Event "Bay Area op"]
[Site "Burlingame"]
[Date "2019.01.05"]
[Round "7"]
[White "Cline, John"]
[Black "Wheeler, Cameron"]
[Result "1/2-1/2"]
[WhiteElo "2272"]
[BlackElo "2417"]
[PlyCount "59"]
[EventDate "2019.01.01"]
[EventType "swiss"]
[EventRounds "9"]
[EventCountry "USA"]
[SourceTitle "CBM 188 Extra"]
[Source "ChessBase"]
[SourceDate "2019.02.26"]
[SourceVersion "1"]
[SourceVersionDate "2019.02.26"]
[SourceQuality "1"]

1. e4 e6 2. d4 d5 3. Nc3 Bb4 4. e5 c5 5. a3 Bxc3+ 6. bxc3 Ne7 7. a4 b6 8. Bb5+ Bd7 9. Bd3 Nbc6 10. Nf3 Qc7 11. 0-0 h6 12. Ba3 Na5 13. dxc5 bxc5 14. Qd2 Bxa4 15. Qe3 Rc8 16. Ba6 Nc4 17. Qe2 Rb8 18. Bxc5 Qxc5 19. Rxa4 0-0 20. Bxc4 dxc4 21. Qxc4 Qxc4 22. Rxc4 Rfc8 23. Rxc8+ Rxc8 24. Ra1 Rxc3 25. Rxa7 Rxc2 26. g3 Nc6 27. Ra8+ Kh7 28. Rf8 Rc5 29. Rxf7 Nxe5 30. Nxe5 1/2-1/2

[Event "Bay Area op"]
[Site "Burlingame"]
[Date "2019.01.05"]
[Round "6"]
[White "Li, Eric"]
[Black "Cline, John"]
[Result "0-1"]
[WhiteElo "2007"]
[BlackElo "2272"]
[PlyCount "146"]
[EventDate "2019.01.01"]
[EventType "swiss"]
[EventRounds "9"]
[EventCountry "USA"]
[SourceTitle "CBM 188 Extra"]
[Source "ChessBase"]
[SourceDate "2019.02.26"]
[SourceVersion "1"]
[SourceVersionDate "2019.02.26"]
[SourceQuality "1"]

1. d4 Nf6 2. c4 e6 3. g3 c5 4. Nf3 cxd4 5. Nxd4 a6 6. Bg2 Qc7 7. b3 Bb4+ 8. Bd2 Be7 9. Nc3 Nc6 10. Nc2 0-0 11. 0-0 d6 12. Rc1 Bd7 13. Ne3 Ne5 14. Qc2 Rac8 15. a4 Qb8 16. Qb2 h6 17. Rfd1 Bc6 18. Nc2 Bxg2 19. Kxg2 b6 20. Ne1 Qb7+ 21. Kg1 Rfd8 22. Bf4 Ng6 23. Nd3 h5 24. Bg5 h4 25. Qd2 b5 26. axb5 axb5 27. Bxf6 Bxf6 28. Nxb5 d5 29. Qe3 Ra8 30. Rc2 dxc4 31. bxc4 Ne5 32. gxh4 Nxc4 33. Rxc4 Qxb5 34. Rg4 Ra4 35. Rxa4 Qxa4 36. Rb1 Qxh4 37. Rb4 Rxd3 38. Qc5 Rd1+ 39. Kg2 Qg5+ 40. Qxg5 Bxg5 41. Rb8+ Kh7 42. Rb3 Rd2 43. Rh3+ Kg8 44. e3 f5 45. Kf3 Kf7 46. Rg3 Kf6 47. Rg1 Bh4 48. Rf1 Ke5 49. h3 g5 50. Kg2 Ke4 51. Kh1 Rxf2 52. Rg1 Kf3 53. e4 f4 54. e5 Re2 55. Rf1+ Ke3 56. Ra1 Re1+ 57. Rxe1+ Bxe1 58. Kg2 Bh4 59. Kf1 Kf3 60. Kg1 Kg3 61. Kf1 Kxh3 62. Ke2 g4 63. Kd3 g3 64. Kc4 g2 65. Kc5 g1Q+ 66. Kd6 Qg4 67. Kd7 f3 68. Ke8 f2 69. Kd7 f1Q 70. Kc6 Qd4 71. Kc7 Qc1+ 72. Kb8 Qb4+ 73. Ka8 Qa1# 0-1

[Event "Las Vegas National op"]
[Site "Las Vegas"]
[Date "2008.06.08"]
[Round "6"]
[White "Cline, John"]
[Black "Wallach, Kenneth"]
[Result "1/2-1/2"]
[WhiteElo "2282"]
[BlackElo "2189"]
[PlyCount "99"]
[EventDate "2008.06.06"]
[EventType "swiss"]
[EventRounds "6"]
[EventCountry "USA"]
[SourceTitle "CBM 124 Extra"]
[Source "ChessBase"]
[SourceDate "2008.07.03"]
[SourceVersion "1"]
[SourceVersionDate "2008.07.03"]
[SourceQuality "1"]

1. e4 c5 2. Nf3 g6 3. c4 Nc6 4. d4 cxd4 5. Nxd4 Nf6 6. Nc3 d6 7. Be2 Nxd4 8. Qxd4 Bg7 9. Bg5 0-0 10. Qd2 Be6 11. 0-0 Qa5 12. Rac1 Rfc8 13. b3 a6 14. f4 b5 15. f5 b4 16. fxe6 bxc3 17. exf7+ Kxf7 18. Rxc3 Kg8 19. Rc2 Qxd2 20. Bxd2 Nxe4 21. Be3 Rab8 22. Bg4 Rc7 23. Be6+ Kh8 24. Rf7 Bf6 25. h4 Nc5 26. Bd5 Nd3 27. h5 Ne5 28. Rxf6 exf6 29. h6 a5 30. Bd4 Rcc8 31. Rf2 Rf8 32. Bc3 a4 33. b4 Rbc8 34. c5 g5 35. c6 Nxc6 36. Bxf6+ Rxf6 37. Rxf6 Nxb4 38. Rxd6 Nxd5 39. Rxd5 g4 40. Kh2 Kg8 41. Rg5+ Kf7 42. Rg7+ Kf6 43. Rxh7 Kg6 44. Rg7+ Kxh6 45. Rxg4 a3 46. Rg3 Ra8 47. Rf3 Kg5 48. Kg3 Ra4 49. Kf2 Rf4 50. Rxf4 1/2-1/2

[Event "Albuquerque op"]
[Site "Albuquerque"]
[Date "1997.??.??"]
[Round "5"]
[White "Cline, John"]
[Black "Dropka, Tom"]
[Result "1/2-1/2"]
[WhiteElo "2320"]
[BlackElo "2080"]
[PlyCount "35"]
[EventDate "1997.??.??"]
[EventType "swiss"]
[EventRounds "5"]
[EventCountry "USA"]
[SourceTitle "EXT 2006"]
[Source "ChessBase"]
[SourceDate "2005.11.24"]
[SourceVersion "1"]
[SourceVersionDate "2005.11.24"]
[SourceQuality "1"]

1. e4 e5 2. Nf3 d6 3. d4 Bg4 4. dxe5 Nd7 5. exd6 Bxd6 6. Be2 Qe7 7. 0-0 0-0-0 8. Bg5 Ngf6 9. Nbd2 Bxf3 10. Nxf3 Qxe4 11. Qd3 Qxd3 12. Bxd3 Nc5 13. Bc4 Rd7 14. Bxf6 gxf6 15. Rfe1 c6 16. Rad1 Rhd8 17. g3 Kc7 18. c3 1/2-1/2

[Event "Albuquerque op"]
[Site "Albuquerque"]
[Date "1997.??.??"]
[Round "4"]
[White "Sandager, Stephen"]
[Black "Cline, John"]
[Result "0-1"]
[WhiteElo "2270"]
[BlackElo "2320"]
[PlyCount "69"]
[EventDate "1997.??.??"]
[EventType "swiss"]
[EventRounds "5"]
[EventCountry "USA"]
[SourceTitle "EXT 2006"]
[Source "ChessBase"]
[SourceDate "2005.11.24"]
[SourceVersion "1"]
[SourceVersionDate "2005.11.24"]
[SourceQuality "1"]

1. e4 c5 2. Nf3 d6 3. d4 cxd4 4. Nxd4 Nf6 5. Nc3 a6 6. Bg5 e6 7. f4 Be7 8. Qf3 Qa5 9. 0-0-0 Bd7 10. Qg3 h6 11. Bxf6 Bxf6 12. f5 Be5 13. Qh3 exf5 14. Nb3 Qd8 15. Kb1 fxe4 16. Qe3 0-0 17. Nxe4 Qc7 18. Bd3 Be6 19. g4 Bxg4 20. Rdg1 f5 21. Ned2 Nd7 22. h3 f4 23. Qf2 Bf5 24. Bxf5 Rxf5 25. Qh4 Kh8 26. Nf3 Qd8 27. Qf2 Rf7 28. Rg2 Nf6 29. Qe2 Qc7 30. Rhg1 Re8 31. Qd3 Qc6 32. Qg6 Rfe7 33. Nh4 f3 34. Rf2 Bd4 35. Qxe8+ 0-1